000 00700nam a22002177a 4500
005 20170124110245.0
010 _aB-209612
020 _c575.00
_a8186623663
035 _aB-209612
037 _bCen Lib/Ret
040 _aDPL
_bEN
082 _a621.323
_bCOM
110 _aDelhi.National Institute of Industrial Research
_997352
245 _aThe complete technology book on candle making and designs /
260 _aDelhi
_bNational Institute of Industrial Research
270 _bDelhi
_a106-E, Kamla Nagar
_e110007
300 _a354p. :
_c20cm(pbk)
_bill.
650 _aCandle making
_997353
650 _aProcess -- candle making
_997354
942 _2ddc
_cEN
_h621.323
_mCOM
999 _c135481
_d135481